| 000 | 00798cam a2200265 a 4500 | ||
|---|---|---|---|
| 999 |
_c7666 _d7666 |
||
| 001 | 11067526 | ||
| 003 | OCoLC | ||
| 005 | 20190214204833.0 | ||
| 008 | 951024s1984 ilu b 000 0beng | ||
| 010 | _a84016604 | ||
| 040 |
_aDLC _cDLC _dATH |
||
| 050 | 0 |
_aBV3269.C32 _bD5 1984 |
|
| 082 |
_a266 _bD547A |
||
| 100 | 1 | _aDick, Lois Hoadley. | |
| 245 | 1 | 0 |
_aAmy Carmichael : _blet the little children come / _cby Lois Hoadley Dick. |
| 260 |
_aChicago : _bMoody Press, _cc1984. |
||
| 300 |
_a160 p. ; _c18 cm. |
||
| 504 | _aBibliography: p. 160. | ||
| 600 | 1 | 0 |
_aCarmichael, Amy, _d1867-1951. |
| 610 | 2 | 0 |
_aDohnavur Fellowship _xHistory. |
| 650 | 0 |
_aMissionaries _zIndia _vBiography. |
|
| 650 | 0 |
_aMissionaries _zIreland _vBiography. |
|
| 650 | 0 |
_aChurch work with children _zIndia. |
|
| 942 |
_2ddc _cBK |
||